003890000a22001090004500090001700000245008000017041001400097100003300111942001300144773010500157999001700262 aASbSeriadas10aColombia, un archipiélago biológico: las regiones naturales de Colombia0 aEspañol1 aMurillo, Luis María999158 cARTICULO1 tRevista de la Academia Colombiana de Ciencias Exactas, Fisicas y Naturales332h31q409-431d1951g8 c14234d14234